| 000 | 01373nam a2200229Ia 4500 | ||
|---|---|---|---|
| 003 | Ost | ||
| 005 | 20260507075351.0 | ||
| 008 | 260507s9999||||xx |||||||||||||| ||und|| | ||
| 020 | _a70199299579 | ||
| 040 | _cfsecg | ||
| 041 | _aara | ||
| 082 | _a330 | ||
| 100 |
_aويندر، جون _eمؤلف |
||
| 245 | 0 |
_aالإستثمار العقاري / _c جون ويندر |
|
| 260 |
_aعمان: _bدار الفكر, _c2013 |
||
| 300 |
_a479 صفحة؛ _bإيضاحات ؛ _c24 سم |
||
| 520 | _aالعقارات كإستثمار- الضوابط استخدام الأراضي- القيود البيئية- ملكية العقارات-الوثائق القانونية- ضرائب الأملاك وضرائب الدخل-قوانين ضريبة الخل الخاص القابلة للتطبيق على العقارات-المساكن العائلية المستقلة والشقق السكنية المشتركة- تنظيم الأعمال-تمويل الاستثمارات العقارية- أدوات التحليل- غربلة المقارنة- تحليل الخصم- التحليل بمساعدة الحاسوب-إدارة مخاطرة الملكية العقارية-تسويق العقار الاستثماري | ||
| 653 | _aالاستثمار | ||
| 653 | _aالعقارات | ||
| 700 |
_aعثمان، محمد داود _eمؤلف ثانوي |
||
| 942 | _cكتاب | ||
| 999 |
_c44138 _d44138 |
||